000 00858nam a2200241 a 4500
003 DO-SdBNP
005 20220726125310.0
007 ta
008 220722e2019 dr ad||gr|||| 001 0 spa d
040 _aDO-SdBNP
_bspa
_cBNPHU
082 4 _222
_bM185
245 1 0 _aLa comida insana en la República Dominicana:
_bcomida que enferma. /
_cMaría Isabela Mella, María Baptista del Bolivian
246 1 4 _aComida que enferma
260 _aSanto Domingo :
_bJusticia Alimentaria VSF,
_c2019
300 _a73 p. :
_bil., gráf. ;
_c30 cm.
500 _aIncluye bibliografía y notas al pié de páginas.
590 _aInventariado 2022 / MF
650 4 _977359
_aAlimentación
_zRepublica Dominicana
650 4 _936789
_aTrastornos Nutricionales
_zRepública Dominicana
700 1 _aBaptista del Bolivian, María
_982080
910 _aMFeliz
942 _2ddc
_cLBS1
999 _c52221
_d52221